LEADER 01075nam a2200265 i 4500 001 000000225182 003 CaOOAMICUS 005 20131125000000.0 008 131125s1969 it u000 u ita u 013 $a204081 040 $aSeMil$bita 100 1 $aLuperini, Romano <1940- >.$0(OLS)http://semarc/name/14333 245 13$aIl PCI e il movimento studentesco /$cRomano Luperini. 260 $aMilano :$bJaca Book,$c1969. 300 $a36 p. ;$c21 cm. 490 0 $aPiccola serie ;$v26 500 $aDa Nuovo impegno, n. 12-13, magg.-ott. 1968. 650 4$aPartito Comunista Italiano <1921-1991>.$0(OLS)http://semarc/subject/5222 650 4$aMovimento studentesco.$0(OLS)http://semarc/subject/17399 830 0$aPiccola serie ;$v26.$0(OLS)http://semarc/title/6271 850 $aSeMil 852 $aSeMil$W1$xVenegono$y1$m5B III 29/13$j175528$B175528$CSeMilBibl$Z2$F186250 $81 961 $aOmaggio: Altro 996 $6245$aIl PCI e il movimento studentesco$9(OLS)http://semarc/title/322589 996 $6260$aMilano :$bJaca Book$9(OLS)http://semarc/publisher/29781 LEADER 01245nam a2200253 i 4500 001 000000041980 003 CaOOAMICUS 005 20090505000000.0 008 090505s1983 it u000 u ita u 013 $a13150 020 $a88-209-1425-5 040 $aSeMil$bita 245 13$aLa Riconciliazione e la Penitenza nella missione della Chiesa :$btraduzione non ufficiale del Documento di lavoro per il Sinodo dei Vescovi del 1983. 260 $aCittą del Vaticano :$bLibreria Editrice Vaticana,$ccopyr. 1983. 300 $a74 p. ;$c19 cm. 490 0 $aPastorale ;$v18. 650 4$aPenitenza.$0(OLS)http://semarc/subject/4486 650 4$aSinodo dei Vescovi <6 ; 1983>.$0(OLS)http://semarc/subject/8938 830 0$aPastorale ;$v18.$0(OLS)http://semarc/title/423448 850 $aSeMil 852 $aSeMil$W1$xVenegono$y1$m2A I 237$j8135$B8135$CSeMilBibl$Z2$F8135 $81 996 $6020$a88-209-1425-5$9(OLS)http://semarc/number/13029 996 $6245$aLa Riconciliazione e la Penitenza nella missione della Chiesa :$btraduzione non ufficiale del Documento di lavoro per il Sinodo dei Vescovi del 1983$9(OLS)http://semarc/title/61057 996 $6260$aCittą del Vaticano :$bLibreria Editrice Vaticana$9(OLS)http://semarc/publisher/29734